<?xml version="1.0" encoding="UTF-8"?><?xml-stylesheet type="text/xsl" href="static/style.xsl"?><OAI-PMH xmlns="http://www.openarchives.org/OAI/2.0/" xmlns:xsi="http://www.w3.org/2001/XMLSchema-instance" xsi:schemaLocation="http://www.openarchives.org/OAI/2.0/ http://www.openarchives.org/OAI/2.0/OAI-PMH.xsd"><responseDate>2026-04-27T19:54:31Z</responseDate><request verb="GetRecord" identifier="oai:uvadoc.uva.es:10324/3661" metadataPrefix="marc">https://uvadoc.uva.es/oai/request</request><GetRecord><record><header><identifier>oai:uvadoc.uva.es:10324/3661</identifier><datestamp>2021-06-18T14:44:52Z</datestamp><setSpec>com_10324_38</setSpec><setSpec>col_10324_785</setSpec></header><metadata><record xmlns="http://www.loc.gov/MARC21/slim" xmlns:doc="http://www.lyncode.com/xoai" xmlns:xsi="http://www.w3.org/2001/XMLSchema-instance" xmlns:dcterms="http://purl.org/dc/terms/" xsi:schemaLocation="http://www.loc.gov/MARC21/slim http://www.loc.gov/standards/marcxml/schema/MARC21slim.xsd">
<leader>00925njm 22002777a 4500</leader>
<datafield tag="042" ind1=" " ind2=" ">
<subfield code="a">dc</subfield>
</datafield>
<datafield tag="720" ind1=" " ind2=" ">
<subfield code="a">Pascual Martínez, Francisco José</subfield>
<subfield code="e">author</subfield>
</datafield>
<datafield tag="260" ind1=" " ind2=" ">
<subfield code="c">2008</subfield>
</datafield>
<datafield tag="520" ind1=" " ind2=" ">
<subfield code="a">El objetivo principal del proyecto es desarrollar un sistema de configuración de bibliotecas digitales, que pueden ser visualizadas tanto en un navegador web como a través de un dispositivo móvil como teléfono, tablet, etc. Da soporte para agregar metadatos a los recursos que presenta cada museo virtual, usando el estándar de metadatos Dublin Core. Brinda un sistema de publicación de contenidos de forma similar a las herramientas de gestión de contenidos (CMS), pero añadiendo funciones propias de la gestión de museos virtuales. Presenta una orientación hacia las ideas propuestas por la Web 2.0 e interoperabilidad. Así, se integra con Google Maps, Flickr y Picasa. Ofrece sus contenidos, además de vía web, mediante RSS, aplicación propia para móviles (J2ME), RDF o acceso por servicios web(WS). Como resultado, el proyecto produce un sistema compuesto por varias aplicaciones basadas en la plataforma tecnológica Java EE (Spring, Hibernate y Struts principalmente).</subfield>
</datafield>
<datafield tag="024" ind2=" " ind1="8">
<subfield code="a">http://uvadoc.uva.es/handle/10324/3661</subfield>
</datafield>
<datafield ind1=" " ind2=" " tag="653">
<subfield code="a">Bibliotecas digitales</subfield>
</datafield>
<datafield tag="245" ind1="0" ind2="0">
<subfield code="a">Virtual Museum sobre plataforma Java EE</subfield>
</datafield>
</record></metadata></record></GetRecord></OAI-PMH>